00340nam a2200133Ia 4500003000500000008004100005020001800046040001900064082000700083100002000090245003900110260004500149546001200194STCL181203s9999 xx 000 0 und d a9788184871456 aSTCLbENcSTCL 222 aSinha, Amritasu 0aPrinciples of Engineering Analysis bNarosa Publishing HouseaNew Delhic2012 aEnglish